El horrible drama de la calle de Las Cañas. Su historia completa. Las víctimas y los culpables. Trágico fin de estos. Relación exacta escrita por el ayudante de la sección de seguridad de Valparaíso D. José Domingo Olivares M. Con la cooperación de un distinguido escritor
Збережено в:
| Автор: | |
|---|---|
| Формат: | Книга |
| Мова: | Іспанська |
| Опубліковано: |
Valparaíso
Escuela Tipográfica Saleciana
1899
|
| Редагування: | 1a. ed |
| Предмети: | |
| Теги: |
Додати тег
Немає тегів, Будьте першим, хто поставить тег для цього запису!
|
MARC
| LEADER | 00000nam a2200000 a 4500 | ||
|---|---|---|---|
| 001 | UCJ3518 | ||
| 003 | CL-VaPUC | ||
| 008 | 070124e18990000CL |||||||||||||||||spa|d | ||
| 082 | 0 | 4 | |a 983 |b OLI |2 21 |
| 100 | |a Olivares M., José Domingo |e autor |9 505433 | ||
| 245 | 1 | 3 | |a El horrible drama de la calle de Las Cañas. Su historia completa. Las víctimas y los culpables. Trágico fin de estos. Relación exacta escrita por el ayudante de la sección de seguridad de Valparaíso D. José Domingo Olivares M. Con la cooperación de un distinguido escritor |
| 250 | |a 1a. ed | ||
| 300 | |a 140 p | ||
| 651 | 0 | |a Valparaíso, Chile |9 261144 | |
| 942 | |c BK | ||
| 945 | |d 20070124 00:00:00 |a rinostro | ||
| 260 | |a Valparaíso |b Escuela Tipográfica Saleciana |c 1899 | ||
| 500 | |a Front.: Retrato de los cinco inculpados | ||
| 600 | 0 | 7 | |a OLIVARES, FRANCISCO |2 CL-VaPUC |9 505434 |
| 600 | 0 | 7 | |a LEON, DAVID |2 CL-VaPUC |9 505435 |
| 600 | 0 | 7 | |a GONZALEZ, DAVID |2 CL-VaPUC |9 505436 |
| 600 | 0 | 7 | |a NARBONA, RUPERTO |2 CL-VaPUC |9 505437 |
| 600 | 0 | 7 | |a ALVARADO, BERNARDINO |2 CL-VaPUC |9 505438 |
| 650 | 7 | |a CRIMINALIDAD |2 CL-VaPUC |9 504617 | |
| 650 | 7 | |a CRONICA ROJA |2 CL-VaPUC |9 505439 | |
| 650 | 0 | |a Historia local |9 266584 | |
| 650 | 0 | |a Juicio penal |9 505440 | |
| 583 | |a last modification |c 20070124 00:00:00 |k Rodrigo Vera | ||
| 999 | |c 319640 |d 319638 | ||
| 952 | |0 0 |1 0 |4 0 |6 983_000000000000000_OLI_1899 |7 0 |8 X |9 397999 |a FDOBUD |b FDOBUD |d 2019-11-22 |i 1004913 |o 983 OLI 1899 |p 1004913 |r 2019-11-22 |w 2019-11-22 |y BK_X |k BUD | ||